Sports Quiz

Random Sports or Baseball Quiz
Score 0/165 Timer 15:00
6 Plays Today
Team Player % Correct
Baltimore OriolesAdam Jones
84.6%
Baltimore OriolesChris Davis
84.2%
Oakland AthleticsKhris Davis
83.7%
Oakland AthleticsRajai Davis
83.6%
Detroit TigersJaCoby Jones
83.6%
Los Angeles AngelsMike Trout
81%
Boston Red SoxDustin Pedroia
81%
Boston Red SoxMookie Betts
80.1%
Detroit TigersMiguel Cabrera
79.5%
Chicago White SoxMelky Cabrera
79.2%
Baltimore OriolesManny Machado
77.7%
Houston AstrosJose Altuve
77.6%
Boston Red SoxHanley Ramirez
74.2%
Cleveland IndiansJose Ramirez
74%
Toronto Blue JaysRussell Martin
72.3%
Seattle MarinersLeonys Martin
72.2%
New York YankeesAaron Judge
72%
Toronto Blue JaysJose Bautista
71.6%
New York YankeesGary Sanchez
71.4%
Los Angeles AngelsAlbert Pujols
70.4%
Houston AstrosCarlos Correa
70.3%
Seattle MarinersRobinson Cano
70%
Cleveland IndiansFrancisco Lindor
69.9%
Tampa Bay RaysEvan Longoria
69.1%
Boston Red SoxJackie Bradley
69%
Cleveland IndiansEdwin Encarnacion
68.7%
Kansas City RoyalsEric Hosmer
68.6%
Detroit TigersVictor Martinez
68.3%
Toronto Blue JaysJosh Donaldson
67.5%
New York YankeesBrett Gardner
66.6%
Kansas City RoyalsSalvador Perez
66.3%
Houston AstrosGeorge Springer
65.4%
Detroit TigersIan Kinsler
65.1%
Chicago White SoxJose Abreu
64.9%
Cleveland IndiansCarlos Santana
64.7%
Detroit TigersJustin Verlander
64.6%
Minnesota TwinsErvin Santana
64.5%
Seattle MarinersNelson Cruz
63.8%
Boston Red SoxXander Bogaerts
63.5%
Kansas City RoyalsLorenzo Cain
63.3%
Baltimore OriolesMark Trumbo
62.9%
Kansas City RoyalsMike Moustakas
62.3%
Boston Red SoxRick Porcello
61.9%
Minnesota TwinsBrian Dozier
61.9%
Minnesota TwinsJoe Mauer
60.8%
Cleveland IndiansCorey Kluber
60.8%
New York YankeesJacoby Ellsbury
60.4%
Seattle MarinersFelix Hernandez
59.9%
Kansas City RoyalsAlex Gordon
59.7%
New York YankeesMasahiro Tanaka
59.6%
New York YankeesJoe Girardi
59.1%
Houston AstrosBrian McCann
59.1%
Detroit TigersJames McCann
59%
Houston AstrosDallas Keuchel
57.9%
Baltimore OriolesBuck Showalter
57.8%
Team Player % Correct
Cleveland IndiansTerry Francona
57.8%
New York YankeesStarlin Castro
57.7%
Minnesota TwinsJason Castro
57.4%
Baltimore OriolesJ.J. Hardy
57.2%
Boston Red SoxMitch Moreland
56.8%
New York YankeesGreg Bird
55.9%
Boston Red SoxPablo Sandoval
55.3%
Kansas City RoyalsAlcides Escobar
54.9%
Los Angeles AngelsYunel Escobar
54.8%
Baltimore OriolesJonathan Schoop
54.1%
Minnesota TwinsMiguel Sano
54%
Toronto Blue JaysTroy Tulowitzki
53.6%
Boston Red SoxJohn Farrell
53.3%
Seattle MarinersKyle Seager
53.2%
Cleveland IndiansMichael Brantley
52.7%
Boston Red SoxAndrew Benintendi
52.6%
Texas RangersRougned Odor
52.5%
Baltimore OriolesSeth Smith
52.2%
Tampa Bay RaysMallex Smith
51.8%
Houston AstrosCarlos Beltran
51.4%
Chicago White SoxTodd Frazier
50.9%
New York YankeesChase Headley
49.7%
Texas RangersElvis Andrus
49.4%
Minnesota TwinsByron Buxton
47.9%
Houston AstrosAlex Bregman
47.8%
Texas RangersYu Darvish
47.4%
Toronto Blue JaysKendrys Morales
47.4%
Tampa Bay RaysChris Archer
47.1%
Los Angeles AngelsKole Calhoun
46.8%
Boston Red SoxSandy Leon
46.7%
Texas RangersMike Napoli
46.3%
Toronto Blue JaysKevin Pillar
46.1%
Chicago White SoxTim Anderson
45.3%
Detroit TigersJustin Upton
45%
Cleveland IndiansYan Gomes
44.4%
Los Angeles AngelsAndrelton Simmons
44%
Detroit TigersNicholas Castellanos
43.7%
Houston AstrosJosh Reddick
43.5%
Detroit TigersBrad Ausmus
42.7%
Kansas City RoyalsNed Yost
42.5%
New York YankeesMatt Holliday
42.5%
Chicago White SoxJose Quintana
42.3%
Chicago White SoxAvisail Garcia
42.3%
Texas RangersCarlos Gomez
40%
Detroit TigersJose Iglesias
38.9%
Los Angeles AngelsC.J. Cron
38.3%
Baltimore OriolesWelington Castillo
37.8%
Seattle MarinersJean Segura
37.4%
Baltimore OriolesKevin Gausman
37.3%
Tampa Bay RaysKevin Kiermaier
37.1%
Toronto Blue JaysDevon Travis
36.8%
Texas RangersJoey Gallo
36.6%
Texas RangersShin-Soo Choo
34.8%
Texas RangersJonathan Lucroy
34.8%
Tampa Bay RaysBrad Miller
33.9%
Team Player % Correct
Toronto Blue JaysJohn Gibbons
33.9%
Tampa Bay RaysLogan Morrison
33.8%
Los Angeles AngelsMike Scioscia
33.8%
Minnesota TwinsPaul Molitor
33.3%
New York YankeesRonald Torreyes
31.9%
Houston AstrosYulieski Gurriel
31.7%
Houston AstrosA.J. Hinch
31.5%
Toronto Blue JaysMarco Estrada
31.4%
Tampa Bay RaysTim Beckham
31.3%
Oakland AthleticsStephen Vogt
31.3%
Kansas City RoyalsDanny Duffy
31.1%
Texas RangersNomar Mazara
31%
Tampa Bay RaysSteven Souza, Jr.
30%
Tampa Bay RaysKevin Cash
29.3%
Tampa Bay RaysCorey Dickerson
28.7%
Seattle MarinersJarrod Dyson
28.5%
Cleveland IndiansTyler Naquin
27%
Seattle MarinersMike Zunino
26.9%
Baltimore OriolesHyun-Soo Kim
26.5%
Minnesota TwinsMax Kepler
26%
Oakland AthleticsMarcus Semien
25.7%
Chicago White SoxJacob May
25%
Oakland AthleticsJed Lowrie
24.6%
Texas RangersJeff Banister
23.7%
Chicago White SoxRick Renteria
23.4%
Oakland AthleticsYonder Alonso
22.7%
Seattle MarinersMitch Haniger
22.2%
Houston AstrosNorichika Aoki
21.7%
Oakland AthleticsBob Melvin
21.5%
Kansas City RoyalsBrandon Moss
21.3%
Oakland AthleticsTrevor Plouffe
21.3%
Los Angeles AngelsCameron Maybin
21.2%
Oakland AthleticsRyon Healy
20.8%
Toronto Blue JaysSteve Pearce
20.7%
Kansas City RoyalsRaul Mondesi, Jr.
20.6%
Texas RangersJurickson Profar
20.4%
Minnesota TwinsJorge Polanco
20.2%
Minnesota TwinsEddie Rosario
19.7%
Oakland AthleticsKendall Graveman
19.3%
Tampa Bay RaysDerek Norris
19%
Chicago White SoxTyler Saladino
18.9%
Kansas City RoyalsPaulo Orlando
18.5%
Seattle MarinersDanny Valencia
18.5%
Cleveland IndiansYandy Diaz
18.2%
Toronto Blue JaysEzequiel Carrera
18%
Seattle MarinersScott Servais
17.1%
Los Angeles AngelsMartin Maldonado
17%
Los Angeles AngelsDanny Espinosa
16.7%
Minnesota TwinsRobbie Grossman
16.4%
Los Angeles AngelsRicky Nolasco
15.6%
Detroit TigersMikie Mahtook
15.4%
Oakland AthleticsMatt Joyce
15.2%
Cleveland IndiansAbraham Almonte
14.8%
Chicago White SoxOmar Narvaez
11.3%
Chicago White SoxCody Asche
11.1%
Remove Ads.
Support Sporcle.
Get the best of Sporcle when you Go Orange. This ad-free experience offers more features, more stats, and more fun while also helping to support Sporcle. Thank you for becoming a member.

You're not logged in!

Compare scores with friends on all Sporcle quizzes.
OR
Log In

Show Comments

Extras

Top Quizzes Today


Score Distribution

Your Account Isn't Verified!

In order to create a playlist on Sporcle, you need to verify the email address you used during registration. Go to your Sporcle Settings to finish the process.

Report this User

Report this user for behavior that violates our Community Guidelines.

Details: